Programación y tecnología educativa
I tiakina i:
| Kaituhi matua: | |
|---|---|
| Hōputu: | Pukapuka |
| Reo: | Pāniora |
| I whakaputaina: |
Madrid
Anaya
1978
|
| Rangatū: | Ciencias de la Educación, 2
|
| Ngā marau: | |
| Ngā Tūtohu: |
Tāpirihia he Tūtohu
Kāore He Tūtohu, Me noho koe te mea tuatahi ki te tūtohu i tēnei pūkete!
|
MARC
| LEADER | 00000nam a2200000 a 4500 | ||
|---|---|---|---|
| 001 | UCT0329 | ||
| 003 | CL-VaPUC | ||
| 008 | 960830e19780000SP |||||||||||||||||spa|d | ||
| 082 | 0 | 4 | |a 371 |b WIT |2 21 |
| 100 | 0 | |a Witt, Paul W. F |e author |9 368966 | |
| 245 | 1 | 0 | |a Programación y tecnología educativa |
| 300 | |a 167 p | ||
| 942 | |c BK | ||
| 945 | |d 19960830 00:00:00 |a rleighto | ||
| 260 | |a Madrid |b Anaya |c 1978 | ||
| 650 | 0 | |a Planificación de la educación |9 307333 | |
| 650 | 0 | |a Educación tecnológica |9 307597 | |
| 583 | |a last modification |c 20160914 12:46:18 |k Rodrigo Vera | ||
| 490 | 0 | |a Ciencias de la Educación, 2 | |
| 999 | |c 251357 |d 251355 | ||
| 952 | |0 0 |1 0 |4 0 |6 371_000000000000000_WIT_1978 |7 0 |8 P |9 270465 |a BIBEDU |b BIBEDU |c BIBEDU_PB |d 2019-11-19 |i 3225836 |o 371 WIT 1978 |p 3225836 |r 2024-01-25 |w 2019-11-19 |y BK |k EDU | ||
| 952 | |0 0 |1 0 |4 0 |6 371_000000000000000_WIT_1978 |7 0 |8 P |9 270466 |a BIBEDU |b BIBEDU |c BIBEDU_PB |d 2019-11-19 |i 3225844 |o 371 WIT 1978 |p 3225844 |r 2024-01-25 |w 2019-11-19 |y BK |k EDU | ||